Law in Business of Selected Member States of the European Union Proceedings of the 13th International Scientific Conference

Saved in:
Bibliographic Details
Corporate Author: Law in Business of Selected Member States of the European Union. International Scientific Conference
Other Authors: Škrabka, Jan
Format: Book
Language:English
Published: Praha TROAS 2021
Edition:1st Edition
Subjects:
Tags: Add Tag
No Tags, Be the first to tag this record!

MARC

LEADER 00000nlm a2200000 4500
001 0280839
005 20240822101718.2
020 |a 978-80-88055-12-9 
022 |a 2571-4082 
041 0 |a eng 
044 |a CZ 
245 1 0 |a Law in Business of Selected Member States of the European Union  |b Proceedings of the 13th International Scientific Conference  |c (ed.): Jan Škrabka 
250 |a 1st Edition 
264 1 |a Praha  |b TROAS  |c 2021 
300 |a 192 s. 
610 2 0 |a právo 
610 2 0 |a podnikanie 
610 2 0 |a ochrana spotrebiteľa 
610 2 0 |a právo súkromné 
610 2 0 |a technológie nové 
610 2 0 |a koronavírus 
610 2 0 |a Európska únia 
700 1 |a Škrabka, Jan 
110 2 |a Law in Business of Selected Member States of the European Union. International Scientific Conference